000 00267nam a22001217a 4500
008 170424b xxu||||| |||| 00| 0 eng d
041 _aeng
080 _a543
100 _a12
101 _aSHM
245 _aPHOTOMETRIC CHEMICAL ANALYSIS
_cYOE. J.H
942 _2udc
_cBK
999 _c11796
_d11796